000 00546pab a2200169 454500
008 180718b2017 xxu||||| |||| 00| 0 eng d
100 _aEliuz, Sedat et al
245 _aPredictors of an effective performance measurement system: evidence from municipal governments in Turkey
260 _c2017
300 _ap.329-341.
362 _aMar
650 _aLocal government - Turkey
650 _aPerformance appraisal - Turkey
650 _aPerformance appraisal
773 _aInternational Journal of Public Administration
909 _a115324
999 _c115318
_d115318